LEADER 00544nam a2200169 i 4500 001 000000252300 003 CaOOAMICUS 005 20161220000000.0 008 161220s1836 it u000 u ita u 013 $a231205 040 $aSeMil$bita 245 10$aVol. 2. 300 $a240 p. 773 0 $aVerri, Pietro <1728-1797>$tStoria di Milano.$dMilano : Vittoria Gatti-Cairo, 1836.$g2$w()4826 850 $aSeMil 852 $aSeMil$W1$xVenegono$y1$m3O I 74 FA$j202646$B202646$CSeMilBibl$Z2$F215392 $8I 996 $6245$aVol. 2$9(OLS)http://semarc/title/13458 LEADER 01066nam a2200229 i 4500 001 000000213552 003 CaOOAMICUS 005 20120529000000.0 008 120529s1878 gw u000 u ger u 013 $a192407 040 $aSeMil$bita 100 1 $aDelbrück, Berthold.$0(OLS)http://semarc/name/12154 245 14$aDie altindische Wortfolge aus dem Catapathabrahmana /$cdargestellt von B. Delbrück. 260 $aHalle :$bVerlag der Buchhandlung des Waisenhauses,$c1878. 300 $aVIII, 80 p. ;$c24 cm. 650 4$aLingua sanscrita - Grammatica.$0(OLS)http://semarc/subject/3170 773 0 $aDelbrück, Berthold$tSyntaktische Forschungen.$dHalle : Verlag der Buchhandlung des Waisenhauses, 1871.$g3$w()26835 850 $aSeMil 852 $aSeMil$W1$xVenegono$y1$m1Z V 177 FA$j163982$B163982$CSeMilBibl$Z2$F175032 $8I 961 $aRecupero: Altro 996 $6245$aDie altindische Wortfolge aus dem Catapathabrahmana$9(OLS)http://semarc/title/307870 996 $6260$aHalle :$bVerlag der Buchhandlung des Waisenhauses$9(OLS)http://semarc/publisher/36985